| 000 | 00472nam a2200181Ia 4500 | ||
|---|---|---|---|
| 005 | 20250423094238.0 | ||
| 008 | 250422s9999 xx 000 0 und d | ||
| 020 | _a0781721091 | ||
| 050 | _aRM 735 .H68/ | ||
| 100 | _aHowe, Margot C. | ||
| 245 | 2 | _aA functional approach to group work in occupational therapy | |
| 250 | _a3rd ed. | ||
| 260 | _aPhiladelphia : | ||
| 260 | _b Lippincott Williams & Wilkins, | ||
| 260 | _c2001 | ||
| 300 | _a267 p | ||
| 942 | _cBK | ||
| 999 |
_c26695 _d26695 |
||